000 00659nam a2200229Ia 4500
003 GCL
008 140319s9999 xx 000 0 ara d
040 _aGCL /
_cGCL
082 0 4 _a247.9
_bع ت
100 1 _aعارف تامر
245 1 0 _aتاريخ الاسماعيلية /
_cعارف تامر
260 _a[S.N] :
_bرياض الريس للكتب والنشر ،
_c911
300 _a291 ص
490 _a
650 0 4 _aالاسلام
650 0 4 _aالتاريخ الاسلامى
650 0 4 _aالفرق الاسلامية
650 0 4 _aالشيعة
650 0 4 _aالاسماعيلية
650 0 4 _aعلم الكلام
942 _2ddc
_cBK
999 _c35178
_d35178